India women's movement : reform and revival /

সংরক্ষণ করুন:
গ্রন্থ-পঞ্জীর বিবরন
প্রধান লেখক: Chaudhuri, Maitrayee
বিন্যাস: গ্রন্থ
ভাষা:ইংরেজি
প্রকাশিত: New Delhi : Radiant Publishers, c1993.
বিষয়গুলি:
ট্যাগগুলো: ট্যাগ যুক্ত করুন
কোনো ট্যাগ নেই, প্রথমজন হিসাবে ট্যাগ করুন!

MARC

LEADER 00000cam a22000002a 4500
001 0000009133
003 DAYSTAR
005 20171002014551.0
008 030703s1993 xx 001 0 eng d
020 |a 8170271632 
040 |a Daystar 
040 |d Gmuthoni 
050 0 0 |a HD1743  |b C4 
100 1 |a Chaudhuri, Maitrayee. 
245 1 0 |a India women's movement :  |b reform and revival /  |c Maitrayee Chaudhuri. 
260 |a New Delhi :  |b Radiant Publishers,  |c c1993. 
300 |a 210 p. 
650 0 |a Feminism  |x India. 
650 0 |a Women  |x India  |x Social conditions. 
650 0 |a women's rights  |x India. 
908 |a 060412 
942 |c G 
952 |0 1  |1 0  |4 0  |6 HD1743 C4  |7 0  |9 4068  |a DUN  |b DUN  |c STORE  |d 2017-09-28  |l 0  |o HD1743C4  |p BK032518  |r 2017-09-28 00:00:00  |w 2017-09-28  |x 27880  |y G 
999 |c 2678  |d 2678